The witch of blackbird pond / (Record no. 3655)

MARC details
000 -LEADER
fixed length control field 00858nam a22002417a 4500
001 - CONTROL NUMBER
control field 3655
003 - CONTROL NUMBER IDENTIFIER
control field FISKH
005 - DATE AND TIME OF LATEST TRANSACTION
control field 20240403112403.0
008 - FIXED-LENGTH DATA ELEMENTS--GENERAL INFORMATION
fixed length control field 240403b cb ||||| |||| 00| 0 eng d
040 ## - CATALOGING SOURCE
Original cataloging agency FISK
Language of cataloging eng
Transcribing agency FISK
Modifying agency FISK
050 ## - LIBRARY OF CONGRESS CALL NUMBER
Classification number PZ7.S7376
082 ## - DEWEY DECIMAL CLASSIFICATION NUMBER
Classification number 813.54
100 ## - MAIN ENTRY--PERSONAL NAME
Personal name Speare George Elizabeth
Dates associated with a name 1908-1994
245 ## - TITLE STATEMENT
Title The witch of blackbird pond /
Statement of responsibility, etc. Elizabeth George Speare
260 ## - PUBLICATION, DISTRIBUTION, ETC.
Place of publication, distribution, etc. New York :
Name of publisher, distributor, etc. Bantam Doubleday Dell Books,
Date of publication, distribution, etc. 1987
300 ## - PHYSICAL DESCRIPTION
Extent 249 pages :
Dimensions 20 cm
505 ## - FORMATTED CONTENTS NOTE
Formatted contents note O
520 ## - SUMMARY, ETC.
Summary, etc. In 1687 in Connecticut, Kit Tyler, feeling out of place in the Puritan household of her aunt, befriends an old woman considered a witch by the community and suddenly finds herself standing trial for witchcraft.
521 8# - TARGET AUDIENCE NOTE
Target audience note 850
Source Lexile
700 ## - ADDED ENTRY--PERSONAL NAME
Personal name Elizabeth George Speare
942 ## - ADDED ENTRY ELEMENTS (KOHA)
Source of classification or shelving scheme Dewey Decimal Classification
Koha item type Books
Suppress in OPAC No
Holdings
Withdrawn status Lost status Source of classification or shelving scheme Damaged status Not for loan Collection Home library Current library Shelving location Date acquired Total Checkouts Full call number Barcode Date last seen Copy number Price effective from Koha item type
    Dewey Decimal Classification     Fiction Footprints International School Library Network Toul Kork Campus Footprints International School Library Network Toul Kork Campus TTP Secondary Fiction Bookshelves 04/03/2024   SPE PZ7.S7376 813.54 2024-0454 04/03/2024 1 04/03/2024 Books
    Dewey Decimal Classification     Fiction Footprints International School Library Network Toul Kork Campus Footprints International School Library Network Toul Kork Campus TTP Secondary Fiction Bookshelves 04/03/2024   SPE PZ7.S7376 813.54 2024-0457 04/03/2024 2 04/03/2024 Books